000 01138-am-a2200217-a-4500
001 000056394
003 AM-YEHGA
005 20250617121439.0
008 990329s1977 ru ||||| |||| 00| 0 rus d
040 _aAM-YeHGA
041 0 _arus
245 0 0 _aАктуальные вопросы физиологии и биохимии растений Молдавии :
_b(Материалы второй республиканской конференции физиологов и биохимиков, 11-12 октября 1976 г.) /
_cАН МССР, Ин-т физиологии и биохимии растений ; Отв. ред. К.В. Морару.
260 0 _aКишинев :
_bШтиинца,
_c1977.
300 _a344 с.
650 1 4 _aФизиология растений
700 1 0 _aМорару, К.В.
_4edt
_eред.
710 2 _aИн-т физиологии и биохимии растений АН Молдавской ССР
711 2 _aРеспубликанская конференция физиологов и биохимиков (2) 11-12 октября 1976 г.
942 _2udc
_cBK
090 _c16224
999 _c16107
_d16107